| 000 | 01602cam a22003978a 4500 | ||
|---|---|---|---|
| 001 | 14987055 | ||
| 005 | 20080403093005.0 | ||
| 008 | 070829s2009 pau b 001 0 eng | ||
| 010 | _a 2007036036 | ||
| 020 | _a9780781773249 | ||
| 020 | _a0781773245 | ||
| 035 | _a(DNLM)101315378 | ||
| 040 |
_aDNLM/DLC _cDLC _dDLC |
||
| 042 | _apcc | ||
| 050 | 0 | 0 |
_aRB111 _b.E856 2009 |
| 060 | 1 | 0 |
_aQZ 4 _bE782 2009 |
| 082 | 0 | 0 |
_a616.07 _222 _bESS NR |
| 245 | 0 | 0 |
_aEssentials of Rubin's pathology / _ceditors, Emanuel Rubin, Howard M. Reisner ; with 44 contributors ; illustrations by Dimitri Karetnikov, George Barile, and Kathy Jaeger. |
| 246 | 3 | 0 | _aRubin's pathology |
| 250 | _a5th ed. | ||
| 260 |
_aPhiladelphia : _bWolters Kluwer/Lippincott Williams & Wilkins Health, _cc2009. |
||
| 263 | _a0802 | ||
| 300 |
_axv, 646 p. ; _c24 cm. _bill. col. ; |
||
| 500 | _aRev ed. of: Rubin's pathology. 4th ed. c2005. | ||
| 504 | _aIncludes bibliographical references and index. | ||
| 650 | 0 | _aPathology. | |
| 650 | 1 | 2 | _aPathology. |
| 700 | 1 |
_aRubin, Emanuel, _d1928- |
|
| 700 | 1 | _aReisner, Howard M. | |
| 730 | 0 | _aRubin's pathology. | |
| 856 | 4 | 2 |
_3Publisher description _uhttp://www.loc.gov/catdir/enhancements/fy0743/2007036036-d.html |
| 856 | 4 | 1 |
_3Table of contents only _uhttp://www.loc.gov/catdir/enhancements/fy0828/2007036036-t.html |
| 942 |
_2ddc _cBB |
||
| 999 |
_c11062 _d11062 |
||